[Event "CAMPEONATO DE EUSKADI JUVENIL / EIBAR -2019"]
[Site "CENTRO UNIVERSITARIO DE EIBAR"]
[Date "2019.04.24"]
[Round "3"]
[Board "8"]
[White "Ruiz Bonito, Imanol"]
[Black "Nichei, Anatoli"]
[Result "0-1"]
[WhiteElo "1202"]
[BlackElo "1463"]
[PlyCount "43"]
[EventDate "2019.04.23"]
[EventRounds "7"]
[EventCountry "ESP"]

1. e4 e5 2. Nf3 Nc6 3. Bc4 Bc5 4. Nc3 d6 5. h3 h6 6. O-O Nf6 7. d3 Bd7 8. Be3
Bxe3 9. fxe3 Qc8 10. Kh2 g5 11. Nd5 Nxd5 12. exd5 Ne7 13. d4 e4 14. Ng1 Nf5 15.
Qh5 Rh7 16. Rae1 b5 17. Be2 Qb7 18. Bg4 Qxd5 19. c3 O-O-O 20. Ne2 Nxe3 21.
Bxd7+ Rxd7 22. Rf2  0-1

[Event "CAMPEONATO DE EUSKADI JUVENIL / EIBAR -2019"]
[Site "CENTRO UNIVERSITARIO DE EIBAR"]
[Date "2019.04.25"]
[Round "4"]
[Board "1"]
[White "Elexpe Garcia, Aritz Eder"]
[Black "Moreno Estebanez, Patxi"]
[Result "0-1"]
[WhiteElo "1800"]
[BlackElo "2153"]
[PlyCount "72"]
[EventDate "2019.04.23"]
[EventRounds "7"]
[EventCountry "ESP"]

1. e4 c5 2. Nf3 g6 3. d3 Bg7 4. g3 Nc6 5. Bg2 d6 6. O-O e5 7. c3 Nge7 8. a3 a5
9. a4 O-O 10. Be3 h6 11. Nfd2 b6 12. Nc4 Be6 13. Nba3 Rb8 14. Qc2 d5 15. exd5
Nxd5 16. f4 Nxe3 17. Nxe3 exf4 18. Rxf4 Qd7 19. Nac4 Rfd8 20. Rd1 Ne5 21. Nxe5
Bxe5 22. Re4 Bg7 23. Rf4 g5 24. Rff1 b5 25. axb5 Qxb5 26. Rd2 Qd7 27. Ra1 Bb3
28. Qb1 a4 29. Kh1 Re8 30. Re2 Re7 31. Be4 Be6 32. Qc2 f5 33. Nxf5 Bxf5 34.
Bxf5 Rxe2 35. Qxe2 Qxf5 36. Rxa4 Rxb2  0-1

[Event "CAMPEONATO DE EUSKADI JUVENIL / EIBAR -2019"]
[Site "CENTRO UNIVERSITARIO DE EIBAR"]
[Date "2019.04.25"]
[Round "4"]
[Board "2"]
[White "Toledo Sanz, Imanol"]
[Black "De Las Heras Figueroa, Rodrigo"]
[Result "0-1"]
[WhiteElo "2142"]
[BlackElo "1918"]
[PlyCount "50"]
[EventDate "2019.04.23"]
[EventRounds "7"]
[EventCountry "ESP"]

1. e4 c6 2. d4 d5 3. exd5 cxd5 4. Bd3 Nc6 5. c3 Qc7 6. h3 Nf6 7. Nf3 g6 8. O-O
Bf5 9. Bxf5 gxf5 10. Re1 e6 11. Ne5 Bd6 12. Nd3 Ne4 13. Qf3 Ne7 14. Bf4 Ng6 15.
Bxd6 Qxd6 16. g3 Rg8 17. Kh1 O-O-O 18. a4 h5 19. Rg1 h4 20. g4 Ng5 21. Qg2 Nf4
22. Nxf4 Qxf4 23. f3 fxg4 24. hxg4 h3 25. Qg3 h2  0-1

[Event "CAMPEONATO DE EUSKADI JUVENIL / EIBAR -2019"]
[Site "CENTRO UNIVERSITARIO DE EIBAR"]
[Date "2019.04.25"]
[Round "4"]
[Board "3"]
[White "Zoco Gallardo, Ignacio"]
[Black "Malon Insausti, Andres"]
[Result "1/2-1/2"]
[WhiteElo "1771"]
[BlackElo "1854"]
[PlyCount "70"]
[EventDate "2019.04.23"]
[EventRounds "7"]
[EventCountry "ESP"]

1. d4 Nf6 2. c4 c5 3. d5 b5 4. Qc2 bxc4 5. e4 d6 6. Bxc4 g6 7. Nf3 Bg7 8. O-O
O-O 9. Re1 Nfd7 10. Nc3 Nb6 11. Bf1 Na6 12. a3 Nc7 13. Bf4 Ba6 14. Bxa6 Nxa6
15. Rad1 Rb8 16. e5 Nc7 17. exd6 exd6 18. Bg5 f6 19. Bf4 Nc4 20. Ne4 Ne5 21.
Nxe5 fxe5 22. Bg5 Qd7 23. Qc4 Rxb2 24. f4 h6 25. fxe5 hxg5 26. e6 Qe7 27. Nxc5
Rff2 28. Qe4 Nb5 29. Na4 Rf4 30. Qxg6 Rxa4 31. Rc1 Qf8 32. Rf1 Rf4 33. Rxf4
gxf4 34. e7 Qxe7 35. Rc8+ Qf8  1/2-1/2

[Event "CAMPEONATO DE EUSKADI JUVENIL / EIBAR -2019"]
[Site "CENTRO UNIVERSITARIO DE EIBAR"]
[Date "2019.04.25"]
[Round "4"]
[Board "4"]
[White "Pereira Lopez, Aketza"]
[Black "Pomares Munoz, Ruben"]
[Result "1-0"]
[WhiteElo "1810"]
[BlackElo "1662"]
[PlyCount "77"]
[EventDate "2019.04.23"]
[EventRounds "7"]
[EventCountry "ESP"]

1. g3 d5 2. Bg2 e5 3. d3 Be6 4. Nd2 Bd6 5. c4 c6 6. Qb3 Qd7 7. cxd5 Bxd5 8.
Bxd5 cxd5 9. Qxd5 Nc6 10. Ngf3 Nf6 11. Qb3 Bc5 12. O-O h5 13. Nc4 e4 14. dxe4
Nxe4 15. Be3 O-O-O 16. Bxc5 Nxc5 17. Qb5 Ne4 18. Nce5 Qe6 19. Nxc6 bxc6 20.
Rac1 Kc7 21. Qa4 h4 22. Qxa7+ Kc8 23. Ne5 c5 24. Qa8+ Kc7 25. Qxe4 Rd5 26. Qf4
Qxe5 27. Qxf7+ Kc8 28. Qa7 g6 29. e4 hxg3 30. Qa8+ Kc7 31. Qxd5 Qxd5 32. exd5
Rxh2 33. fxg3 Rxb2 34. Rxc5+ Kd6 35. Rc6+ Kxd5 36. Rxg6 Rxa2 37. g4 Ke5 38.
Rgf6 Ra3 39. R6f3  1-0

[Event "CAMPEONATO DE EUSKADI JUVENIL / EIBAR -2019"]
[Site "CENTRO UNIVERSITARIO DE EIBAR"]
[Date "2019.04.25"]
[Round "4"]
[Board "5"]
[White "Nichei, Anatoli"]
[Black "Tafall Villanueva, Ander"]
[Result "0-1"]
[WhiteElo "1463"]
[BlackElo "1954"]
[PlyCount "85"]
[EventDate "2019.04.23"]
[EventRounds "7"]
[EventCountry "ESP"]

1. e4 e5 2. Nf3 Nc6 3. Bb5 a6 4. Ba4 Nf6 5. O-O Be7 6. c3 O-O 7. Re1 d6 8. d3
Bg4 9. Nbd2 b5 10. Bb3 Na5 11. Nf1 Nxb3 12. axb3 Re8 13. h3 Bd7 14. Ng3 h6 15.
Bd2 Bf8 16. Qe2 a5 17. Ra2 Be6 18. c4 b4 19. Rea1 c5 20. Nh4 g6 21. f4 exf4 22.
Bxf4 g5 23. Bxd6 gxh4 24. Bxf8 Kxf8 25. Nh5 Nxh5 26. Qxh5 Qg5 27. Qf3 Qg3 28.
Rf1 Qxf3 29. Rxf3 Red8 30. Kf2 Bd7 31. Rf6 a4 32. Rd6 Ke7 33. Rxh6 axb3 34.
Rxa8 Rxa8 35. d4 Ra2 36. d5 Rxb2+ 37. Ke3 Rxg2 38. Kf4 b2 39. d6+ Kf8 40. Ke5
b1=Q 41. Kf6 Rg6+ 42. Rxg6 fxg6 43. Kxg6  0-1

[Event "CAMPEONATO DE EUSKADI JUVENIL / EIBAR -2019"]
[Site "CENTRO UNIVERSITARIO DE EIBAR"]
[Date "2019.04.25"]
[Round "4"]
[Board "6"]
[White "Martin Ibisate, Xabier"]
[Black "Apellaniz Perez, Estibaliz"]
[Result "1-0"]
[WhiteElo "1833"]
[BlackElo "1359"]
[PlyCount "67"]
[EventDate "2019.04.23"]
[EventRounds "7"]
[EventCountry "ESP"]

1. e4 Nc6 2. d4 d6 3. Nc3 Nf6 4. h3 g6 5. f4 Bg7 6. Be3 Nd7 7. Nf3 e5 8. fxe5
dxe5 9. d5 Ncb8 10. Qd2 c6 11. d6 h6 12. Bc4 Na6 13. Rd1 Nac5 14. O-O b5 15.
Bxf7+ Kxf7 16. Nxe5+ Ke6 17. Nxg6 Rh7 18. Qf2 Qf6 19. Qxf6+ Bxf6 20. Bxc5 Rg7
21. Nf4+ Kf7 22. Nh5 Rg5 23. Nxf6 Nxf6 24. Bd4 Bxh3 25. Rxf6+ Kg8 26. Rd2 h5
27. Be3 Rg3 28. Bf4 Rg7 29. Kh2 Bd7 30. e5 Re8 31. Ne4 Be6 32. Rxe6 Rxe6 33. d7
Kf7 34. d8=Q  1-0

[Event "CAMPEONATO DE EUSKADI JUVENIL / EIBAR -2019"]
[Site "CENTRO UNIVERSITARIO DE EIBAR"]
[Date "2019.04.25"]
[Round "4"]
[Board "7"]
[White "Palomo Tamayo, Jose Maria"]
[Black "Berasategui Morillo, Alberto"]
[Result "0-1"]
[WhiteElo "1369"]
[BlackElo "1646"]
[PlyCount "81"]
[EventDate "2019.04.23"]
[EventRounds "7"]
[EventCountry "ESP"]

1. e4 d6 2. d4 Nf6 3. Nc3 c6 4. Bg5 Qa5 5. Bxf6 exf6 6. d5 c5 7. Qd2 Be7 8.
Nge2 f5 9. f3 O-O 10. Ng3 fxe4 11. fxe4 g6 12. Bc4 Nd7 13. O-O Ne5 14. Be2 Bd7
15. Qh6 Rfe8 16. Nd1 Bf8 17. Qf4 Bg7 18. Ne3 Rf8 19. h4 h5 20. Nh1 Kh7 21. Nc4
Nxc4 22. Bxc4 Be5 23. Qf3 Bxb2 24. Rab1 Bd4+ 25. Nf2 b5 26. Be2 Bg4 27. Qd3
Bxe2 28. Qxe2 b4 29. Kh1 Rae8 30. g4 Qd8 31. g5 f6 32. gxf6 Qxf6 33. Kg2 Qxh4
34. a3 Rxf2+ 35. Rxf2 Qxf2+ 36. Qxf2 Bxf2 37. Kxf2 Rxe4 38. axb4 Rxb4 39. Ra1
Rb7 40. Kg3 Kh6 41. Re1  0-1

[Event "CAMPEONATO DE EUSKADI JUVENIL / EIBAR -2019"]
[Site "CENTRO UNIVERSITARIO DE EIBAR"]
[Date "2019.04.26"]
[Round "5"]
[Board "1"]
[White "De Las Heras Figueroa, Rodrigo"]
[Black "Moreno Estebanez, Patxi"]
[Result "1/2-1/2"]
[WhiteElo "1918"]
[BlackElo "2153"]
[PlyCount "31"]
[EventDate "2019.04.23"]
[EventRounds "7"]
[EventCountry "ESP"]

1. d4 Nf6 2. c4 g6 3. g3 Bg7 4. Bg2 O-O 5. Nc3 d6 6. Nf3 Nc6 7. O-O a6 8. Qd3
e5 9. dxe5 dxe5 10. Qxd8 Rxd8 11. Bg5 Re8 12. Rfd1 Be6 13. Nd5 Bxd5 14. cxd5
Nd4 15. Nxd4 exd4 16. Bxf6  1/2-1/2

[Event "CAMPEONATO DE EUSKADI JUVENIL / EIBAR -2019"]
[Site "CENTRO UNIVERSITARIO DE EIBAR"]
[Date "2019.04.26"]
[Round "5"]
[Board "2"]
[White "Toledo Sanz, Imanol"]
[Black "Elexpe Garcia, Aritz Eder"]
[Result "1-0"]
[WhiteElo "2142"]
[BlackElo "1800"]
[PlyCount "53"]
[EventDate "2019.04.23"]
[EventRounds "7"]
[EventCountry "ESP"]

1. Nf3 c5 2. c4 Nc6 3. Nc3 Nf6 4. e3 e6 5. d4 cxd4 6. exd4 d5 7. Bg5 Be7 8. c5
O-O 9. Bb5 Bd7 10. O-O Qc7 11. a3 b6 12. b4 a6 13. Bd3 Nb8 14. Qe2 a5 15. Bh4
Qa7 16. Qb2 bxc5 17. dxc5 Qb7 18. Rfb1 Rc8 19. h3 Be8 20. Bg3 Nbd7 21. Nd4 Nb8
22. Bf1 Bd7 23. Bh2 Ne8 24. Nf3 f6 25. Nd2 e5 26. Nxd5 Be6 27. Nb6  1-0

[Event "CAMPEONATO DE EUSKADI JUVENIL / EIBAR -2019"]
[Site "CENTRO UNIVERSITARIO DE EIBAR"]
[Date "2019.04.26"]
[Round "5"]
[Board "3"]
[White "Malon Insausti, Andres"]
[Black "Pereira Lopez, Aketza"]
[Result "1-0"]
[WhiteElo "1854"]
[BlackElo "1810"]
[PlyCount "77"]
[EventDate "2019.04.23"]
[EventRounds "7"]
[EventCountry "ESP"]

1. Nf3 g6 2. c4 Bg7 3. Nc3 Nf6 4. g3 O-O 5. Bg2 c5 6. O-O Na6 7. d4 cxd4 8.
Nxd4 Qb6 9. Nc2 d6 10. Rb1 Nd7 11. Nd5 Qd8 12. b3 Nc7 13. Bb2 Ne5 14. Nd4 a6
15. Qc2 Rb8 16. b4 Ne6 17. Rfd1 Bd7 18. c5 Nxd4 19. Bxd4 e6 20. Nb6 d5 21. e4
Bc6 22. exd5 exd5 23. Qc3 f6 24. Qb3 Kh8 25. Nxd5 Bxd5 26. Bxd5 Nc6 27. Bxc6
bxc6 28. Be5 Qxd1+ 29. Rxd1 fxe5 30. Rd7 a5 31. a3 axb4 32. axb4 Rf6 33. Qa4 g5
34. Qa7 Rg8 35. Qc7 g4 36. Rxg7 Rxg7 37. Qd8+ Rg8 38. Qxf6+ Rg7 39. Qxc6  1-0

[Event "CAMPEONATO DE EUSKADI JUVENIL / EIBAR -2019"]
[Site "CENTRO UNIVERSITARIO DE EIBAR"]
[Date "2019.04.26"]
[Round "5"]
[Board "4"]
[White "Pomares Munoz, Ruben"]
[Black "Zoco Gallardo, Ignacio"]
[Result "1/2-1/2"]
[WhiteElo "1662"]
[BlackElo "1771"]
[PlyCount "86"]
[EventDate "2019.04.23"]
[EventRounds "7"]
[EventCountry "ESP"]

1. e4 c6 2. d4 d5 3. exd5 cxd5 4. Bd3 Nc6 5. c3 Qc7 6. Bg5 Nf6 7. Nd2 Bg4 8.
Qb1 e6 9. Ne2 Bxe2 10. Bxe2 Be7 11. O-O Ng4 12. Bxg4 Bxg5 13. Nf3 Bf4 14. Re1
O-O 15. g3 Bd6 16. Ng5 g6 17. Be2 Rab8 18. a4 a6 19. Qc1 Na5 20. Qe3 Nc4 21.
Bxc4 Qxc4 22. Nf3 b5 23. axb5 axb5 24. Qh6 Be7 25. Ne5 Qc7 26. Ra6 Bf6 27. Nd3
Ra8 28. Rea1 Rxa6 29. Rxa6 Qc4 30. Qe3 Rb8 31. Nc5 b4 32. Qf4 Rc8 33. Qxf6 Rxc5
34. dxc5 Qxa6 35. Qd8+ Kg7 36. cxb4 Qa1+ 37. Kg2 Qxb2 38. c6 Qxb4 39. c7 Qe4+
40. Kf1 Qb1+ 41. Ke2 Qe4+ 42. Kd1 Qd3+ 43. Ke1 Qe4+  1/2-1/2

[Event "CAMPEONATO DE EUSKADI JUVENIL / EIBAR -2019"]
[Site "CENTRO UNIVERSITARIO DE EIBAR"]
[Date "2019.04.26"]
[Round "5"]
[Board "5"]
[White "Tafall Villanueva, Ander"]
[Black "Martin Ibisate, Xabier"]
[Result "0-1"]
[WhiteElo "1954"]
[BlackElo "1833"]
[PlyCount "96"]
[EventDate "2019.04.23"]
[EventRounds "7"]
[EventCountry "ESP"]

1. e4 c5 2. Nf3 e6 3. d4 cxd4 4. Nxd4 Nf6 5. Bd3 d5 6. e5 Nfd7 7. Qe2 Nc6 8.
Nxc6 bxc6 9. O-O Nc5 10. Nc3 Nxd3 11. cxd3 c5 12. Bf4 Ba6 13. Qc2 Qd7 14. Rfd1
Be7 15. Rac1 O-O 16. b3 Rfc8 17. Na4 Bb5 18. Nc3 a5 19. Nxb5 Qxb5 20. d4 c4 21.
Qe2 Qa6 22. h3 a4 23. bxc4 Rxc4 24. Rb1 Rxd4 25. Qxa6 Rxd1+ 26. Qf1 Rxf1+ 27.
Kxf1 Rc8 28. Rb7 Bf8 29. Be3 h6 30. Rb2 a3 31. Rb1 Kh7 32. Rc1 Rxc1+ 33. Bxc1
Kg6 34. g4 h5 35. Ke2 hxg4 36. hxg4 f6 37. f4 f5 38. g5 Kh5 39. Kf3 Kh4 40. Be3
Bb4 41. Bd4 g6 42. Bf2+ Kh3 43. Bd4 Bd2 44. Bc5 Bc1 45. Bb4 d4 46. Bc5 d3 47.
Bb4 d2 48. Ke2 Kg3  0-1

[Event "CAMPEONATO DE EUSKADI JUVENIL / EIBAR -2019"]
[Site "CENTRO UNIVERSITARIO DE EIBAR"]
[Date "2019.04.26"]
[Round "5"]
[Board "6"]
[White "Berasategui Morillo, Alberto"]
[Black "Duo Iruretagoyena, Aitor"]
[Result "1-0"]
[WhiteElo "1646"]
[BlackElo "1507"]
[PlyCount "59"]
[EventDate "2019.04.23"]
[EventRounds "7"]
[EventCountry "ESP"]

1. e4 c6 2. d4 d5 3. e5 Bf5 4. h4 h6 5. g4 Be4 6. f3 Bh7 7. e6 fxe6 8. Bd3 Nf6
9. Bxh7 Rxh7 10. Ne2 Nbd7 11. Qd3 Qb6 12. Qg6+ Kd8 13. Nf4 e5 14. Ne6+ Kc8 15.
Qf5 Rh8 16. dxe5 g6 17. Qxg6 Nxe5 18. Qf5 Nfd7 19. b3 Bg7 20. Nc3 Bf6 21. Na4
Qb4+ 22. Bd2 Qd6 23. O-O-O Nxf3 24. Qxf3 Qxe6 25. g5 hxg5 26. hxg5 Rxh1 27.
Rxh1 Qe5 28. Kd1 Bg7 29. Rh7 Kc7 $2 30. Bf4  1-0

[Event "CAMPEONATO DE EUSKADI JUVENIL / EIBAR -2019"]
[Site "CENTRO UNIVERSITARIO DE EIBAR"]
[Date "2019.04.26"]
[Round "5"]
[Board "7"]
[White "Apellaniz Perez, Estibaliz"]
[Black "Nichei, Anatoli"]
[Result "1-0"]
[WhiteElo "1359"]
[BlackElo "1463"]
[PlyCount "63"]
[EventDate "2019.04.23"]
[EventRounds "7"]
[EventCountry "ESP"]

1. Nf3 Nc6 2. c4 e5 3. Nc3 d6 4. h3 g6 5. d4 Bg7 6. Bg5 Nge7 7. e3 f6 8. Bh4
Nf5 9. d5 Nce7 10. Ne4 Nxh4 11. Nxh4 Nf5 12. Nf3 O-O 13. Bd3 c6 14. Bc2 Qa5+
15. Nc3 Bh6 16. e4 Nd4 17. Nxd4 exd4 18. Qxd4 c5 19. Qd3 f5 20. O-O fxe4 21.
Nxe4 Bf5 22. Qb3 b6 23. Nxd6 Rf6 24. Nxf5 gxf5 25. Qg3+ Kf7 26. Qc7+ Kg6 27. g4
Qd2 28. gxf5+ Kh5 29. Qg3 Rg8 30. Qxg8 Rg6+ 31. fxg6 Qg5+ 32. Kh1  1-0

[Event "CAMPEONATO DE EUSKADI JUVENIL / EIBAR -2019"]
[Site "CENTRO UNIVERSITARIO DE EIBAR"]
[Date "2019.04.26"]
[Round "5"]
[Board "8"]
[White "Palomo Tamayo, Jose Maria"]
[Black "Ruiz Bonito, Imanol"]
[Result "0-1"]
[WhiteElo "1369"]
[BlackElo "1202"]
[PlyCount "40"]
[EventDate "2019.04.23"]
[EventRounds "7"]
[EventCountry "ESP"]

1. e4 e5 2. Nf3 Nc6 3. Bc4 Bc5 4. c3 d6 5. d4 Bb6 6. dxe5 Nxe5 7. Nxe5 dxe5 8.
Bxf7+ Ke7 9. Qxd8+ Kxd8 10. O-O Nf6 11. Rd1+ Ke7 12. Bc4 Nxe4 13. Kf1 Rf8 14.
f3 Be6 15. Bd3 Rad8 16. Ke2 Nf2 17. Bg5+ Rf6 18. Bxf6+ gxf6 19. Rd2 Nxd3 20.
Rxd3 Bc4  0-1

[Event "CAMPEONATO DE EUSKADI JUVENIL / EIBAR -2019"]
[Site "CENTRO UNIVERSITARIO DE EIBAR"]
[Date "2019.04.26"]
[Round "6"]
[Board "1"]
[White "Moreno Estebanez, Patxi"]
[Black "Malon Insausti, Andres"]
[Result "1-0"]
[WhiteElo "2153"]
[BlackElo "1854"]
[PlyCount "85"]
[EventDate "2019.04.23"]
[EventRounds "7"]
[EventCountry "ESP"]

1. Nf3 d5 2. b3 Bg4 3. Bb2 Nd7 4. e3 Ngf6 5. Be2 Bxf3 6. Bxf3 e5 7. d3 e4 8.
Be2 Bd6 9. Nd2 exd3 10. cxd3 O-O 11. O-O Re8 12. Nf3 Ne5 13. h3 c6 14. Qc2 Rc8
15. Bc3 Nxf3+ 16. Bxf3 Be5 17. Bxe5 Rxe5 18. d4 Rg5 19. b4 Qd7 20. Kh1 Ne8 21.
Bg4 f5 22. Be2 Nd6 23. a4 Rf8 24. b5 f4 25. bxc6 bxc6 26. exf4 Rxf4 27. Rac1
Rh4 28. Qd3 Ne4 29. Rb1 Qc8 30. Rb3 Qf8 31. Qe3 Rf5 32. Kg1 Ng5 33. Bg4 Ne4 34.
Rfb1 Qf6 35. Rb8+ Kf7 36. R1b7+ Kg6 37. Bxf5+ Qxf5 38. Rc7 Qf6 39. Rbc8 Nd6 40.
Rxc6 Kf7 41. Rxd6 Qxd6 42. Qe8+ Kf6 43. Rc6  1-0

[Event "CAMPEONATO DE EUSKADI JUVENIL / EIBAR -2019"]
[Site "CENTRO UNIVERSITARIO DE EIBAR"]
[Date "2019.04.26"]
[Round "6"]
[Board "2"]
[White "Martin Ibisate, Xabier"]
[Black "De Las Heras Figueroa, Rodrigo"]
[Result "0-1"]
[WhiteElo "1833"]
[BlackElo "1918"]
[PlyCount "116"]
[EventDate "2019.04.23"]
[EventRounds "7"]
[EventCountry "ESP"]

1. e4 c6 2. d4 d5 3. Nc3 dxe4 4. Nxe4 Nd7 5. Bd3 Ngf6 6. Ng5 e6 7. N1f3 Bd6 8.
Qe2 h6 9. Ne4 Nxe4 10. Qxe4 Qc7 11. Qg4 Kf8 12. Qe4 b6 13. Bd2 Bb7 14. Qe2 Rd8
15. O-O-O c5 16. Be4 Bxe4 17. Qxe4 Nf6 18. Qe2 Nd5 19. g3 c4 20. c3 b5 21. Ne5
b4 22. Kb1 bxc3 23. Bxc3 Rb8 24. Ka1 Ke7 25. Qf3 Rhf8 26. Rc1 Bxe5 27. dxe5 Qb7
28. Rhd1 Rfc8 29. Rd2 Qb5 30. Qe2 Rb6 31. f4 Ra6 32. Qd1 Rb8 33. Re2 Rd8 34.
Qc2 Qb3 35. Qb1 Rb8 36. Rec2 Rbb6 37. a3 Ra4 38. Qa2 Qb5 39. Bd2 Rc6 40. Bc3 g6
41. Bd2 Kf8 42. Bc3 Kg7 43. Bd2 Rc7 44. Bc3 g5 45. fxg5 hxg5 46. Re2 Rd7 47.
Kb1 Nxc3+ 48. Rxc3 Rd3 49. Rxd3 cxd3 50. Rd2 Qxe5 51. Rxd3 Qe4 52. Qb3 Rd4 53.
Ka2 Qxd3 54. Qb8 Rd7 55. Qe5+ Kg6 56. Qe1 Qc4+ 57. Kb1 Qd3+ 58. Ka2 Rd4  0-1

[Event "CAMPEONATO DE EUSKADI JUVENIL / EIBAR -2019"]
[Site "CENTRO UNIVERSITARIO DE EIBAR"]
[Date "2019.04.26"]
[Round "6"]
[Board "3"]
[White "Zoco Gallardo, Ignacio"]
[Black "Toledo Sanz, Imanol"]
[Result "1/2-1/2"]
[WhiteElo "1771"]
[BlackElo "2142"]
[PlyCount "102"]
[EventDate "2019.04.23"]
[EventRounds "7"]
[EventCountry "ESP"]

1. d4 Nf6 2. c4 c5 3. d5 g6 4. Nc3 Bg7 5. e4 d6 6. Nf3 O-O 7. h3 e5 8. Bg5 h6
9. Be3 Ne8 10. Qd2 Kh7 11. g4 Nc7 12. Bd3 b5 13. cxb5 a6 14. b6 Nb5 15. Nxb5
axb5 16. Bxb5 Qxb6 17. Qe2 Na6 18. b3 Nb4 19. a4 Nxd5 20. exd5 e4 21. Rb1 exf3
22. Qxf3 f5 23. g5 f4 24. Bd2 hxg5 25. Kf1 Qd8 26. Re1 Qf6 27. Bd3 Kg8 28. Qe2
Rb8 29. Bc4 Qd4 30. Bc1 Qc3 31. Bd2 Qd4 32. Bc1 Bf5 33. Qd2 Qa1 34. Qd1 Bd4 35.
f3 Rfe8 36. Kg2 Qa2+ 37. Qd2 Qa1 38. Qd1 Kg7 39. Rxe8 Rxe8 40. Re1 Qa2+ 41. Qd2
Rxe1 42. Qxa2 Rg1+ 43. Kh2 Rxc1 44. a5 Ra1 45. Qd2 Be3 46. Qc3+ Bd4 47. Qd2
Bg1+ 48. Kg2 Be3 49. Qc3+ Bd4 50. Qd2 Be3 51. Qc3+ Bd4  1/2-1/2

[Event "CAMPEONATO DE EUSKADI JUVENIL / EIBAR -2019"]
[Site "CENTRO UNIVERSITARIO DE EIBAR"]
[Date "2019.04.26"]
[Round "6"]
[Board "4"]
[White "Elexpe Garcia, Aritz Eder"]
[Black "Berasategui Morillo, Alberto"]
[Result "1-0"]
[WhiteElo "1800"]
[BlackElo "1646"]
[PlyCount "75"]
[EventDate "2019.04.23"]
[EventRounds "7"]
[EventCountry "ESP"]

1. e4 e6 2. d3 d5 3. Nd2 Nf6 4. Ngf3 c5 5. g3 Be7 6. Bg2 Nc6 7. O-O O-O 8. Re1
b5 9. e5 Nd7 10. Nf1 a5 11. h4 a4 12. Bf4 Bb7 13. N1h2 b4 14. h5 h6 15. Ng4 Kh7
16. Qd2 f5 17. exf6 Nxf6 18. Nxh6 Nxh5 19. Ng5+ Bxg5 20. Bxg5 Nf6 21. Ng4 a3
22. b3 Nd4 23. Bxf6 Rxf6 24. Nxf6+ Qxf6 25. Rac1 Rf8 26. c3 Nf3+ 27. Bxf3 Qxf3
28. d4 cxd4 29. cxd4 Ba6 30. Qe3 Qf5 31. Kg2 e5 32. Red1 e4 33. Rc5 Qg4 34.
Rh1+ Kg8 35. Rh4 Qd1 36. Rc1 Bf1+ 37. Kg1 Rxf2 38. Kxf2  1-0

[Event "CAMPEONATO DE EUSKADI JUVENIL / EIBAR -2019"]
[Site "CENTRO UNIVERSITARIO DE EIBAR"]
[Date "2019.04.26"]
[Round "6"]
[Board "5"]
[White "Tafall Villanueva, Ander"]
[Black "Pomares Munoz, Ruben"]
[Result "1-0"]
[WhiteElo "1954"]
[BlackElo "1662"]
[PlyCount "55"]
[EventDate "2019.04.23"]
[EventRounds "7"]
[EventCountry "ESP"]

1. c4 f5 2. d4 Nf6 3. Nc3 e6 4. Nf3 d5 5. cxd5 exd5 6. Bf4 c6 7. e3 Be7 8. Bd3
O-O 9. Qc2 Ne4 10. h4 Nd7 11. O-O-O Ndf6 12. Ne5 Bd6 13. f3 Nxc3 14. Qxc3 Be6
15. Qc2 Nd7 16. Nxc6 bxc6 17. Bxd6 Re8 18. Bxf5 Bxf5 19. Qxf5 Rxe3 20. Rde1
Rxe1+ 21. Rxe1 Qxh4 22. Qe6+ Kh8 23. g3 Qd8 24. Qf7 Nf6 25. Re7 Qg8 26. Be5
Qxf7 27. Rxf7 Ne8 28. Rf8#  1-0

[Event "CAMPEONATO DE EUSKADI JUVENIL / EIBAR -2019"]
[Site "CENTRO UNIVERSITARIO DE EIBAR"]
[Date "2019.04.26"]
[Round "6"]
[Board "6"]
[White "Duo Iruretagoyena, Aitor"]
[Black "Pereira Lopez, Aketza"]
[Result "0-1"]
[WhiteElo "1507"]
[BlackElo "1810"]
[PlyCount "44"]
[EventDate "2019.04.23"]
[EventRounds "7"]
[EventCountry "ESP"]

1. d4 g6 2. c4 Bg7 3. Nc3 Nf6 4. e4 d6 5. h3 O-O 6. Be3 e5 7. d5 Nfd7 8. g4 h6
9. b4 b6 10. Qd2 Kh7 11. Bd3 a5 12. b5 Nc5 13. Bc2 f5 14. gxf5 gxf5 15. exf5
Bxf5 16. Bxf5+ Rxf5 17. Nge2 Rf7 18. Ng3 Qh4 19. Qc2+ Kh8 20. Nf5 Qxc4 21. Bxh6
Bxh6 22. Nxh6 Rxf2  0-1

[Event "CAMPEONATO DE EUSKADI JUVENIL / EIBAR -2019"]
[Site "CENTRO UNIVERSITARIO DE EIBAR"]
[Date "2019.04.26"]
[Round "6"]
[Board "7"]
[White "Ruiz Bonito, Imanol"]
[Black "Apellaniz Perez, Estibaliz"]
[Result "1/2-1/2"]
[WhiteElo "1202"]
[BlackElo "1359"]
[PlyCount "45"]
[EventDate "2019.04.23"]
[EventRounds "7"]
[EventCountry "ESP"]

1. e4 Nc6 2. Nf3 d5 3. exd5 Qxd5 4. Nc3 Qd8 5. d4 Bg4 6. Be2 Bxf3 7. Bxf3 Qd7
8. O-O Nf6 9. Bf4 O-O-O 10. Be3 e6 11. Nb5 Kb8 12. c3 Nd5 13. c4 Nf6 14. Bxc6
Qxc6 15. Qe2 a6 16. Na3 h5 17. c5 h4 18. h3 Nd5 19. Nc4 f6 20. a3 g6 21. b4 b5
22. cxb6 Nxb6 23. Nxb6  1/2-1/2

[Event "CAMPEONATO DE EUSKADI JUVENIL / EIBAR -2019"]
[Site "CENTRO UNIVERSITARIO DE EIBAR"]
[Date "2019.04.26"]
[Round "6"]
[Board "8"]
[White "Nichei, Anatoli"]
[Black "Palomo Tamayo, Jose Maria"]
[Result "1-0"]
[WhiteElo "1463"]
[BlackElo "1369"]
[PlyCount "39"]
[EventDate "2019.04.23"]
[EventRounds "7"]
[EventCountry "ESP"]

1. e4 e5 2. Nf3 Nc6 3. Nc3 Bc5 4. Bc4 d6 5. d3 Be6 6. Bxe6 fxe6 7. Ng5 Qf6 8.
O-O a6 9. Qg4 Nd8 10. Be3 Bd4 11. Bxd4 exd4 12. e5 dxe5 13. Nce4 Qg6 14. Qh4 h6
15. f4 exf4 16. Rxf4 Nf6 17. Nxf6+ gxf6 18. Ne4 Ke7 19. Rxf6 Qe8 20. Rxh6+  1-0

[Event "CAMPEONATO DE EUSKADI JUVENIL / EIBAR -2019"]
[Site "CENTRO UNIVERSITARIO DE EIBAR"]
[Date "2019.04.27"]
[Round "7"]
[Board "1"]
[White "De Las Heras Figueroa, Rodrigo"]
[Black "Elexpe Garcia, Aritz Eder"]
[Result "0-1"]
[WhiteElo "1918"]
[BlackElo "1800"]
[PlyCount "56"]
[EventDate "2019.04.23"]
[EventRounds "7"]
[EventCountry "ESP"]

1. d4 d5 2. c4 e5 3. dxe5 d4 4. Nf3 Nc6 5. a3 Bg4 6. Nbd2 Nge7 7. b4 Ng6 8. Bb2
Qe7 9. Nxd4 Ncxe5 10. Qb3 O-O-O 11. h3 Bxe2 12. Bxe2 Nf4 13. Kf1 Nxe2 14. Kxe2
Nc6+ 15. Kd3 Nxd4 16. Bxd4 Qd7 17. Qc3 c5 18. bxc5 Bxc5 19. Nf3 Rhe8 20. g4 Qe6
21. Kc2 Bxd4 22. Nxd4 Qe4+ 23. Kb3 Qxd4 24. Rad1 Qb6+ 25. Qb4 Qxf2 26. Rhf1
Re3+ 27. Ka4 Qc2+ 28. Ka5 Re5+  0-1

[Event "CAMPEONATO DE EUSKADI JUVENIL / EIBAR -2019"]
[Site "CENTRO UNIVERSITARIO DE EIBAR"]
[Date "2019.04.27"]
[Round "7"]
[Board "2"]
[White "Pereira Lopez, Aketza"]
[Black "Moreno Estebanez, Patxi"]
[Result "0-1"]
[WhiteElo "1810"]
[BlackElo "2153"]
[PlyCount "66"]
[EventDate "2019.04.23"]
[EventRounds "7"]
[EventCountry "ESP"]

1. e4 c5 2. Nc3 Nc6 3. g3 g6 4. Bg2 Bg7 5. d3 d6 6. Nge2 Rb8 7. a4 e6 8. O-O
Nge7 9. Bg5 a6 10. Qd2 O-O 11. Nd1 b5 12. axb5 axb5 13. Bh6 Nd4 14. Bxg7 Kxg7
15. Ne3 Bb7 16. Nf4 e5 17. Nh3 d5 18. Ng4 Ng8 19. Nxe5 dxe4 20. dxe4 Re8 21.
Nd3 c4 22. Ne1 Bxe4 23. Bxe4 Rxe4 24. Kh1 Re2 25. Qf4 Qd5+ 26. f3 Nc6 27. Nf2
Rbe8 28. Ne4 Qh5 29. Rf2 Rxf2 30. Nxf2 Re2 31. Ng4 f5 32. Ra7+ Nge7 33. Ra8 Qh3
 0-1